| 000 | 00591nam a2200181Ia 4500 | ||
|---|---|---|---|
| 008 | 151202s9999||||xx |||||||||||||| ||und|| | ||
| 082 | _bPNVM-42843 | ||
| 100 | _aामािाकारी अविनाश. | ||
| 245 | _aविजयपथ. | ||
| 260 | _b"मेहता पब्लिशींग हाऊस, पुणे." | ||
| 260 | _c1999 | ||
| 300 | _a214 | ||
| 600 | _aामािाकारी अविनाश. | ||
| 630 | _aविजयपथ. | ||
| 700 | _aामािाकारी अविनाश. | ||
| 730 | _aविजयपथ. | ||
| 942 | _cBOOK | ||
| 999 |
_c1308795 _d1308792 |
||